000 00801nam a2200205Ia 4500
003 OSt
005 20260610110258.0
008 210210b2001 xxu||||| |||| 00| 0 eng d
040 _cAL
041 _aKonkani
082 _a491.46 SHAK
100 _aSHAYAMALAKUMARI (B).
_dಶ್ಯಾಮಲಾಕುಮಾರಿ (ಬಿ.)
_9265607
245 _aKonkni kalo; konkani poorva prathamika bhasha vikasa sahitya
_bಕೊಂಕ್ಣಿ ಕಳೊ: ಕೊಂಕಣಿ ಪೂರ್ವ ಪ್ರಾಥಮಿಕ ಭಾಷಾ ವಿಕಾಸ ಸಾಹಿತ್ಯ
260 _aManglur.
_bKarnataka Konkani Sahitya Akademy.
_c2001
300 _a214
650 _aKonkani Text, upadhyayale margadarshi., Teachers handbook
_9265608
690 _aKonkani Language
_9265609
906 _a058610
942 _2ddc
_cBK
999 _c105685
_d105685